Random cities that start with the letter ''b''. - Statistics

General Stats
  • This quiz has been taken 36 times
  • The average score is 32 of 62
Answers on the Map
Answers color-coded by a green-red scale on the quiz's map according to % correct below.
 
Answer Stats
answer % Correct
Barcelona
97%
Berlin
97%
Bogota
94%
Bogotá
94%
Bucharest
94%
Birmingham
91%
Brussels
91%
Budapest
91%
Buenos Aires
91%
Bern
88%
Bangkok
85%
Boston
85%
Brasília
85%
Brisbane
85%
Bratislava
82%
Baghdad
76%
Bordeaux
76%
Belgrade
73%
Baku
70%
Beijing
70%
Belmopan
67%
Busan
67%
Beirut
64%
Belo Horizonte
64%
Brazzaville
61%
Bamako
58%
Bandar Seri Begawan
58%
Bangalore
58%
Banjul
58%
Bishkek
58%
Bridgetown
58%
Bloemfontein
55%
Buffalo
55%
Bangui
52%
Baton Rouge
52%
Belem
52%
Bissau
52%
Boise
52%
Bremen
52%
Bandung
48%
Barranquilla
48%
Basra
48%
Basseterre
39%
Bursa
39%
Bismarck
36%
Bhopal
33%
Benin City
27%
Bhilai
18%
Baoding
12%
Baotou
12%
Barquisimeto
12%
Benguela
12%
Bobo-Dioulasso
12%
Bandar Lampung
9%
Batam
9%
Baoji
6%
Bengbu
6%
Bucaramanga
6%
Bareilly
3%
Bhubaneswar
3%
Bukavu
3%
Beihai
0%
No matching quizzes found
Score Distribution
Percent of People with Each Score
Percentile by Number Answered
Your Score History
You have not taken this quiz